000 00859nam a22002297a 4500
999 _c2957
_d2957
003 AR-CdUCM
008 190305b ||||| |||| 00| 0 spa d
020 _a9972612244
040 _aMUNICIPALIDAD PROVINCIAL DEL CUSCO
_cBIBLIOTECA MUNICIPAL DEL CUSCO
082 _a321.8 /
_bD383
100 _aPerú
_910133
245 _aLa democracia en el Perú :
_bproceso histórico y agenda pendiente /
260 _aLima :
_bPNUD,
_c2006.
300 _a121 páginas ;
_c28 cm.
440 _aProceso histórico y agenda presidencial
_n2
_910134
505 _aUna república sin ciudadanos -- El poder en la sociedad republicana -- Construyendo la representación política -- La recusación del oligárquico.
650 _aPerú.
_935
650 _aRealidad nacional.
_92737
650 _aEstado peruano.
_910135
942 _2ddc
_cLIBROS
945 _awfj
_d2019-03-05